| 000 | 00666nam a2200217 a 4500 | ||
|---|---|---|---|
| 001 | 1324 | ||
| 003 | BD-RjUL | ||
| 005 | 20211208233321.0 | ||
| 008 | 131125s1965 pk 000 0 eng d | ||
| 035 | _a(BD-RjUL)1346 | ||
| 040 |
_aANL _beng _cANL _dANL _dBD-RjUL |
||
| 041 | _aeng | ||
| 082 | 0 | 4 |
_a297.01 _bHAM 1965 |
| 100 | 1 |
_aHakim, Khalifa Abdul. _93916 |
|
| 245 | 1 | 4 |
_aThe metaphysics of Rumi : _ba critical and historical sketch / _cKhalifa Abdul Hakim. |
| 260 |
_aLahore : _bInstitute of Islamic Culture, _c1965. |
||
| 300 |
_a157 p ; _c22 cm. |
||
| 504 | _aBibliography: [155]-157. | ||
| 600 | 1 | 0 |
_aCelaleddin, Rumi, Mevlana, _d1207-1273. _9116289 |
| 942 |
_2ddc _cBK |
||
| 999 |
_c1324 _d1324 |
||